| 000 | 00355nam a2200145Ia 4500 | ||
|---|---|---|---|
| 008 | 240624s9999 xx 000 0 und d | ||
| 041 | _aeng | ||
| 082 | _a400 YUL | ||
| 100 | _aYULE GEORGE | ||
| 245 | _aSTUDY OF LANGUAGE | ||
| 250 | _a(3rd ed.) | ||
| 260 |
_c2008 _aNew Delhi _bCambridge University Press India |
||
| 300 | _a284 : p. | ||
| 365 |
_cBPS _b27 |
||
| 999 |
_c18057 _d18057 |
||